000 00558nam a2200181 i 4500
001 69065
003 ES-MaACL
005 20230906170427.0
007 t|
008 040907s1985 sp ||||1| spa d
020 _a84-85048-97-0
080 _a72(460.32)
100 1 _aLamela, Antonio.
_969836
245 1 0 _aApuntes sobre arquitectura mallorquina
_b: notas a los "Apuntes": Luis Ripoll /
_cAntonio Lamela.
260 _aPalma de Mallorca :
_bIMISA,
_c1985.
300 _a77 p., [3] h. pleg. :
_bil. ;
_c23x25 cm.
852 _aES-MaACL
_jL-28184
_bR.133920
999 _c69065
_d69065